Sports Quiz

Random Sports or NFL Quiz

Top 10 CFL to NFL Players Quiz Stats

Quiz not verified by Sporcle

Challenge
Share
Tweet
Embed
Score 0/10 Timer 05:00
0 Plays Today
position player % Correct
QuarterbackDoug Flutie
82.3%
QuarterbackWarren Moon
81.4%
QuarterbackJeff Garcia
41%
QuarterbackJoe Theismann
18.9%
Wide ReceiverRocket Ismail
18.6%
QuarterbackJoe Kapp
9.3%
Wide ReceiverMervyn Fernandez
6.8%
Running BackCookie Gilchrist
3%
Offensive LinemanEd George
1.8%
Defensive EndHarald Hasselbach
1%

You're not logged in!

Compare scores with friends on all Sporcle quizzes.
Join for Free
OR
Log In

You Might Also Like...

Show Comments

Extras

Top Quizzes Today


Score Distribution

Your Account Isn't Verified!

In order to create a playlist on Sporcle, you need to verify the email address you used during registration. Go to your Sporcle Settings to finish the process.

Report this User

Report this user for behavior that violates our Community Guidelines.

Details: